|
|
|
|
| LEADER |
02455nam a22004815i 4500 |
| 001 |
978-3-642-25538-0 |
| 003 |
DE-He213 |
| 005 |
20151125212508.0 |
| 007 |
cr nn 008mamaa |
| 008 |
111202s2012 gw | s |||| 0|eng d |
| 020 |
|
|
|a 9783642255380
|9 978-3-642-25538-0
|
| 024 |
7 |
|
|a 10.1007/978-3-642-25538-0
|2 doi
|
| 040 |
|
|
|d GrThAP
|
| 050 |
|
4 |
|a Q342
|
| 072 |
|
7 |
|a UYQ
|2 bicssc
|
| 072 |
|
7 |
|a COM004000
|2 bisacsh
|
| 082 |
0 |
4 |
|a 006.3
|2 23
|
| 245 |
1 |
0 |
|a Future Computer, Communication, Control and Automation
|h [electronic resource] /
|c edited by Tianbiao Zhang.
|
| 264 |
|
1 |
|a Berlin, Heidelberg :
|b Springer Berlin Heidelberg,
|c 2012.
|
| 300 |
|
|
|a XVI, 748 p. 147 illus.
|b online resource.
|
| 336 |
|
|
|a text
|b txt
|2 rdacontent
|
| 337 |
|
|
|a computer
|b c
|2 rdamedia
|
| 338 |
|
|
|a online resource
|b cr
|2 rdacarrier
|
| 347 |
|
|
|a text file
|b PDF
|2 rda
|
| 490 |
1 |
|
|a Advances in Intelligent and Soft Computing,
|x 1867-5662 ;
|v 119
|
| 520 |
|
|
|a The volume includes a set of selected papers extended and revised from the 2011 International Conference on Computer, Communication, Control and Automation (3CA 2011). 2011 International Conference on Computer, Communication, Control and Automation (3CA 2011) has been held in Zhuhai, China, November 19-20, 2011. This volume topics covered include wireless communications, advances in wireless video, wireless sensors networking, security in wireless networks, network measurement and management, hybrid and discrete-event systems, internet analytics and automation, robotic system and applications, reconfigurable automation systems, machine vision in automation. We hope that researchers, graduate students and other interested readers benefit scientifically from the proceedings and also find it stimulating in the process.
|
| 650 |
|
0 |
|a Engineering.
|
| 650 |
|
0 |
|a Computational intelligence.
|
| 650 |
|
0 |
|a Control engineering.
|
| 650 |
|
0 |
|a Robotics.
|
| 650 |
|
0 |
|a Automation.
|
| 650 |
1 |
4 |
|a Engineering.
|
| 650 |
2 |
4 |
|a Computational Intelligence.
|
| 650 |
2 |
4 |
|a Robotics and Automation.
|
| 650 |
2 |
4 |
|a Control.
|
| 700 |
1 |
|
|a Zhang, Tianbiao.
|e editor.
|
| 710 |
2 |
|
|a SpringerLink (Online service)
|
| 773 |
0 |
|
|t Springer eBooks
|
| 776 |
0 |
8 |
|i Printed edition:
|z 9783642255373
|
| 830 |
|
0 |
|a Advances in Intelligent and Soft Computing,
|x 1867-5662 ;
|v 119
|
| 856 |
4 |
0 |
|u http://dx.doi.org/10.1007/978-3-642-25538-0
|z Full Text via HEAL-Link
|
| 912 |
|
|
|a ZDB-2-ENG
|
| 950 |
|
|
|a Engineering (Springer-11647)
|